[Event "36th Mitropa Cup Open 2018"]
[Site "Isola Capo Rizzuto"]
[Date "2018.06.02"]
[Round "3"]
[White "Gaehwiler, Gabriel"]
[Black "Blohberger, Felix"]
[Result "1-0"]
[WhiteElo "2423"]
[BlackElo "2427"]
[Annotator "TA"]
[PlyCount "97"]
[EventDate "2018.05.31"]
[EventType "team-tourn"]
[EventCountry "ITA"]
[SourceTitle "playchess.com"]
[Source "ChessBase"]
[SourceQuality "1"]
[WhiteTeam "Switzerland"]
[BlackTeam "Austria"]
[WhiteTeamCountry "SUI"]
[BlackTeamCountry "AUT"]

{[%evp 19,97,17,19,8,27,15,22,22,22,22,21,0,12,0,33,4,25,0,26,19,23,27,28,27,73,51,42,41,53,62,93,93,92,92,126,122,128,114,153,154,161,150,341,310,273,213,350,338,308,343,364,336,351,294,273,209,188,0,420,420,717,717,1106,1131,1070,1045,1463,1321,2031,5069,4846,3666,2233,1903,5627,5610,4134,2739,5535,5187]} 1. d4 Nf6 2. c4 e6 3. g3 Bb4+ 4. Bd2 Bxd2+ 5. Qxd2 d5 6. Nf3 Nbd7 {E11: Damenindisch (Bogoljubow-Variante)} 7. Bg2 c6 8. O-O O-O (8... b6 9. Ne5 Bb7 10. Nc3 O-O 11. Rac1 Qe7 12. Nxd7 Qxd7 13. b3 Ba6 14. cxd5 cxd5 15. Qb2 Qe7 16. Rc2 Rac8 17. Rfc1 h6 18. Nb1 Rfd8 19. Rxc8 Rxc8 20. Rxc8+ Bxc8 {½-½ (44) Bluebaum,M (2631)-Meier,G (2648) Karlsruhe/Baden-Baden 2018}) 9. Ne5 Nxe5 10. dxe5 Nd7 {LiveBook: 16 Partien} 11. f4 b5 12. cxd5 Qb6+ 13. e3 cxd5 14. Qd4 $146 ({Vorgänger:} 14. Nc3 a5 15. a3 Bb7 16. Rfc1 {½-½ (48) Frijling,J (2097)-Sciarretta,R (2097) LSS email 2013}) 14... b4 15. Nd2 Ba6 16. Rfc1 Rac8 17. Qxb6 axb6 18. Nf3 Nc5 19. Nd4 g6 20. b3 Bd3 21. Rd1 Ba6 22. Rd2 Ra8 23. Rad1 Bb7 24. Rb2 Ra5 {[#]} 25. Nc2 $1 Rfa8 26. Nxb4 Na6 27. Nxa6 Bxa6 28. Rc2 Bb5 29. a4 Be8 30. e4 {[%cal Re4d5]} dxe4 $2 (30... d4 $16 31. Rxd4 b5 32. axb5 Bxb5) 31. Bxe4 $18 Rb8 32. Rcd2 Kf8 {[#]} (32... f5 $142) 33. Rd8 $1 {[%cal Rd8b8]} Rxd8 34. Rxd8 {[%mdl 4096] Endspiel Droht Lc6 und aus. KTL-KTL} Ke7 35. Rb8 b5 36. axb5 Bxb5 37. Rb7+ Kf8 38. Rb8+ $2 (38. b4 $18 Ra1+ 39. Kf2 Ra2+ 40. Ke3) 38... Kg7 $2 {[%mdl 8192]} (38... Ke7 $1 $11 {und Schwarz ist OK.}) 39. Ra8 Rxa8 (39... Ba6 $142 40. Bd3 Rxe5 41. Rxa6 Re1+ 42. Kf2 Rh1) 40. Bxa8 {KL-KL. Weiß steht klar auf Gewinn.} h6 41. Kf2 g5 42. Ke3 Kg6 43. Be4+ Kh5 44. Bf3+ Kg6 45. Be2 Bd7 46. b4 {[%cal Bb3b4,Bb4b5,Bb5b6][%mdl 32]} f6 47. Bd3+ Kf7 48. b5 Ke7 49. b6 {Precision: Weiß = 76%, Schwarz = 35%.} 1-0

[Event "36th Mitropa Cup Open 2018"]
[Site "Isola Capo Rizzuto"]
[Date "2018.06.02"]
[Round "3"]
[White "Janzelj, Tim"]
[Black "Sochacki, Christophe"]
[Result "1/2-1/2"]
[WhiteElo "2410"]
[BlackElo "2459"]
[Annotator "TA"]
[PlyCount "50"]
[EventDate "2018.05.31"]
[EventType "team-tourn"]
[EventCountry "ITA"]
[SourceTitle "playchess.com"]
[Source "ChessBase"]
[SourceQuality "1"]
[WhiteTeam "Slovenia"]
[BlackTeam "France"]
[WhiteTeamCountry "SLO"]
[BlackTeamCountry "FRA"]

{[%evp 13,50,-14,27,14,12,6,23,19,12,8,10,5,4,10,10,0,11,0,57,12,20,7,12,13,25,13,13,10,9,10,12,13,31,24,35,21,24,21,27]} 1. e4 e6 2. d4 d5 3. Nd2 c5 4. exd5 exd5 5. dxc5 Bxc5 6. Ngf3 Nf6 7. Nb3 {C08: French Tarrasch: 3...c5 4 exd5 exd5 sidelines} Be7 {LiveBook: 3 Games} (7... Bb6 {is more complex.} 8. Bd3 Nc6 9. O-O O-O 10. Re1 Ng4) 8. Be2 O-O 9. O-O Nc6 10. Re1 $146 ({Predecessor:} 10. c3 Bg4 11. Bf4 Re8 12. Re1 Ne4 13. Nfd4 Bxe2 14. Rxe2 Bf6 15. f3 {0-1 (32) Voicu Jagodzinsky,C (2261)-Kovalev,A (2546) Alushta 2005}) 10... Re8 11. c3 Bg4 12. Nfd4 Bxe2 13. Rxe2 Qd7 14. Bg5 h6 15. Bh4 Ne4 (15... a5 $11) 16. Bxe7 Rxe7 17. Qc2 Rae8 18. Rae1 Ne5 19. f3 Nd6 20. Nc5 $36 {[%mdl 2048] White is pushing.} Qc8 21. Nd3 Nxd3 22. Qxd3 Qc7 23. g3 Nc4 24. Qc2 g6 25. Kf2 Qd7 {Precision: White = 50%, Black = 63%.} 1/2-1/2

[Event "36th Mitropa Cup Open 2018"]
[Site "Isola Capo Rizzuto"]
[Date "2018.06.02"]
[Round "3"]
[White "Tomazini, Zan"]
[Black "Gozzoli, Yannick"]
[Result "1/2-1/2"]
[WhiteElo "2408"]
[BlackElo "2601"]
[Annotator "TA"]
[PlyCount "71"]
[EventDate "2018.05.31"]
[EventType "team-tourn"]
[EventCountry "ITA"]
[SourceTitle "playchess.com"]
[Source "ChessBase"]
[SourceQuality "1"]
[WhiteTeam "Slovenia"]
[BlackTeam "France"]
[WhiteTeamCountry "SLO"]
[BlackTeamCountry "FRA"]

{[%evp 25,71,-33,-32,-40,-35,-46,-13,-18,-10,-21,-21,-60,-52,-47,-64,-51,-51,-53,-58,-59,-38,-66,-65,-56,-39,-53,-41,-72,-41,-41,-41,-41,-41,-53,-50,-41,0,0,0,0,0,0,0,0,0,0,0,0]} 1. e4 e5 2. Nf3 Nc6 3. d4 exd4 4. Nxd4 Nf6 5. Nxc6 bxc6 6. e5 Qe7 7. Qe2 Nd5 8. c4 Nb6 9. Nc3 Ba6 {C45: Scotch Game} 10. b3 (10. Qe4 f6 11. exf6 Qxe4+ 12. Nxe4 gxf6 13. Nxf6+ Kf7 14. Ng4 Re8+ 15. Ne3 Bxc4 16. Bxc4+ Nxc4 17. O-O {½-½ (31) Shankland,S (2668)-Swiercz,D (2654) Saint Louis 2018}) 10... O-O-O 11. Bb2 Re8 12. f4 f6 13. Ne4 d5 {LiveBook: 4 Games} 14. Nd2 fxe5 15. fxe5 Qg5 16. O-O-O $146 ({Predecessor:} 16. Nf3 Bb4+ 17. Kd1 {0-1 (49) Laubsch,B (2289)-Richter,C (2359) Prague 2014}) 16... Bd6 {[%cal Rd6e5]} 17. h4 Qf4 {[%cal Rd6e5]} 18. Qf3 Bxe5 {[%cal Rd5c4]} 19. Qxf4 Bxf4 20. c5 Bxf1 21. Rhxf1 Bxd2+ $1 22. Rxd2 Nd7 23. Bxg7 Rhg8 24. Rf7 h5 {[%cal Bh7h5,Bh5g4][%mdl 32]} 25. g4 hxg4 26. h5 $1 {[%cal Rh5h6]} Ne5 ({But not} 26... Nxc5 $6 27. h6 $11) (26... g3 $5 {[%cal Rd7e5]} 27. h6 Re1+ 28. Kb2 Rh1 $15) 27. Bxe5 $1 Rxe5 $15 {[%mdl 4096] Endgame KRR-KRR} 28. h6 {With the idea h7.} Rh5 29. Re2 ({Wrong is} 29. Rg7 $2 Rxg7 30. hxg7 Rg5 $19) 29... Rxh6 {Strongly threatening ...Kb7.} 30. Ree7 Rhg6 31. Rxc7+ {The position is equal.} Kb8 32. Rb7+ Ka8 33. Rxa7+ Kb8 34. Rab7+ Ka8 35. Ra7+ Kb8 36. Rab7+ {Precision: White = 79%, Black = 69%.} 1/2-1/2

[Event "36th Mitropa Cup Open 2018"]
[Site "Isola Capo Rizzuto"]
[Date "2018.06.02"]
[Round "3"]
[White "Kreisl, Robert"]
[Black "Baenziger, Fabian"]
[Result "1/2-1/2"]
[WhiteElo "2402"]
[BlackElo "2367"]
[Annotator "TA"]
[PlyCount "53"]
[EventDate "2018.05.31"]
[EventType "team-tourn"]
[EventCountry "ITA"]
[SourceTitle "playchess.com"]
[Source "ChessBase"]
[SourceQuality "1"]
[WhiteTeam "Austria"]
[BlackTeam "Switzerland"]
[WhiteTeamCountry "AUT"]
[BlackTeamCountry "SUI"]

{[%evp 22,53,14,14,9,13,12,16,15,13,18,3,20,22,64,70,64,28,28,30,35,28,28,28,28,25,22,10,8,10,45,32,30,29]} 1. d4 Nf6 2. c4 g6 3. Nf3 Bg7 4. g3 O-O 5. Bg2 c5 6. Nc3 Nc6 7. O-O d6 8. dxc5 dxc5 9. Bf4 Nh5 10. Be3 b6 {E65: King's Indian: Fianchetto: 6...c5 7 0-0 without d5 by White} (10... Nd4 11. Qc1 Qa5 12. Re1 Be6 13. Nd2 Rfd8 14. Nb3 Qb4 15. Nd5 Bxd5 16. cxd5 Rac8 17. Bd2 Qb5 18. Qd1 Nf6 {0-1 (58) Yevseev,D (2526)-Howell,D (2685) Tallinn 2016}) 11. Qc1 Bb7 12. Rd1 {LiveBook: 6 Games} Qe8 {The position is equal.} 13. Bh6 Rd8 14. Rxd8 Qxd8 15. Bxg7 Kxg7 $146 ({Predecessor:} 15... Nxg7 16. Qf4 f6 17. Rd1 Qc8 18. b3 {½-½ (29) Alfaro de Hombre,J (2197)-Barkov,K (2202) ICCF email 2016}) 16. b3 Nf6 17. Qb2 Nd4 18. Nxd4 Bxg2 {[#]} 19. Nf5+ $1 {[%mdl 512]} gxf5 20. Kxg2 e6 21. Rd1 Qa8+ $1 22. f3 Rd8 23. Rd2 Qb8 24. Qc1 Rxd2 25. Qxd2 {[#] Strongly threatening Qg5+.} Qe5 26. Kf2 h6 27. Qe3 1/2-1/2

[Event "36th Mitropa Cup Open 2018"]
[Site "Isola Capo Rizzuto"]
[Date "2018.06.02"]
[Round "3"]
[White "Haring, Filip"]
[Black "Vykouk, Jan"]
[Result "1/2-1/2"]
[WhiteElo "2344"]
[BlackElo "2423"]
[Annotator "TA"]
[PlyCount "61"]
[EventDate "2018.05.31"]
[EventType "team-tourn"]
[EventCountry "ITA"]
[SourceTitle "playchess.com"]
[Source "ChessBase"]
[SourceQuality "1"]
[WhiteTeam "Slovakia"]
[BlackTeam "Czech Republic"]
[WhiteTeamCountry "SVK"]
[BlackTeamCountry "CZE"]

{[%evp 29,61,0,3,-14,-14,-10,0,0,20,0,1,0,0,0,0,0,0,0,0,0,0,0,0,0,0,0,0,0,0,0,0,0,0,0]} 1. e4 e6 2. d4 d5 3. Nc3 dxe4 4. Nxe4 Nd7 5. Nf3 Ngf6 6. Nxf6+ Nxf6 7. Bd3 c5 8. dxc5 Bxc5 9. O-O O-O 10. Bg5 b6 11. Qe2 Bb7 12. Rad1 {C10: French with 3 Nc3: Unusual Black 3rd moves and 3...dxe4} Qc7 13. Bxf6 (13. Ne5 Rfd8 14. Rfe1 Rd5 15. Bf4 Rad8 16. Bg3 Qc8 17. a3 a5 18. c3 h6 19. h3 Bd6 {1-0 (106) Movsesian,S (2659)-Jussupow,A (2581) Doha 2014}) 13... gxf6 14. Be4 Rfd8 15. Bxb7 Qxb7 {LiveBook: 11 Games. The position is equal.} 16. Rd3 Rxd3 17. Qxd3 Kh8 $146 ({Predecessor:} 17... Be7 18. Rd1 Rd8 19. Qe2 {½-½ (19) Sanchez Rodenas,J (2320)-Jaederholm,B (2396) ICCF email 2012}) 18. Rd1 Rg8 19. g3 (19. Kf1 {feels hotter.} b5 20. Qd7 Rb8 21. c3 Kg7 22. Qxb7 Rxb7 23. a3) 19... Be7 20. c3 (20. Ne1 {looks sharper.} Rc8 21. Qe3 f5 22. Rd3 Kg8 23. a3) 20... Rd8 21. Qe2 $1 Rxd1+ 22. Qxd1 Kg7 23. Qd3 Qc6 24. Nd4 Qd5 25. Qa6 Bc5 26. Qxa7 Bxd4 27. cxd4 Qxd4 28. Qa3 Qd1+ 29. Kg2 Qd5+ 30. Kg1 Qd1+ 31. Kg2 1/2-1/2

[Event "36th Mitropa Cup Open 2018"]
[Site "Isola Capo Rizzuto"]
[Date "2018.06.03"]
[Round "4"]
[White "Gozzoli, Yannick"]
[Black "Bogner, Sebastian"]
[Result "0-1"]
[WhiteElo "2601"]
[BlackElo "2589"]
[Annotator "TA"]
[PlyCount "116"]
[EventDate "2018.05.31"]
[EventType "team-tourn"]
[EventCountry "ITA"]
[SourceTitle "playchess.com"]
[Source "ChessBase"]
[SourceQuality "1"]
[WhiteTeam "France"]
[BlackTeam "Switzerland"]
[WhiteTeamCountry "FRA"]
[BlackTeamCountry "SUI"]

{[%evp 29,116,0,0,7,8,0,0,0,0,0,0,0,9,0,27,34,35,54,47,47,38,43,33,42,43,30,38,34,32,38,42,42,42,35,31,24,34,31,154,153,143,85,175,177,170,171,162,137,208,72,65,0,64,54,169,157,167,170,164,164,157,157,150,150,600,201,178,133,133,0,0,0,64,64,68,0,0,-5277,-5277,-5220,-4737,-1961,-2429,-2679,-2097,-3060,-1889,-5265,-2904]} 1. d4 Nf6 2. c4 e6 3. Nf3 d5 4. Nc3 c5 5. cxd5 Nxd5 6. e4 Nxc3 7. bxc3 cxd4 8. cxd4 Bb4+ 9. Bd2 Bxd2+ 10. Qxd2 O-O 11. Bc4 Nd7 12. O-O b6 13. Rad1 Bb7 14. Rfe1 Rc8 {D41: Queen's Gambit Declined: Semi-Tarrasch with 5 cxd5} 15. Bb3 Re8 {LiveBook: 26 Games} 16. h4 (16. h3 Nf6 17. Qf4 Nh5 18. Qe5 Nf6 19. Qf4 Nh5 20. Qh2 h6 21. d5 exd5 22. exd5 Rxe1+ 23. Nxe1 {½-½ (57) So,W (2799)-Kramnik,V (2800) Berlin 2018}) 16... h6 {[#] The position is equal.} 17. Qe3 $146 ({Predecessor:} 17. Qf4 Qc7 18. Qe3 Nf6 19. Rc1 Qe7 20. Nd2 Qb4 21. f3 Red8 22. Rxc8 Rxc8 {0-1 (76) Melkumyan,H (2619)-Grigoryan,A (2614) Bastia 2011}) 17... Nf6 18. Qf4 Nh5 19. Qe5 Nf6 20. Qf4 Nh5 21. Qh2 Nf6 22. d5 exd5 23. e5 $1 {[%cal Re5f6]} Nd7 24. Nd4 $1 {[%mdl 1024] White has compensation.} Nc5 25. Nf5 {aiming for Qg3.} Re6 26. Nd6 Rc7 27. Bc2 Bc6 28. Bf5 Ree7 29. Qg3 Nb7 30. Kh2 Qf8 31. h5 Kh8 32. Rc1 Nc5 33. Red1 Ne6 ({Better is} 33... Qd8 $14) 34. Bxe6 $1 $16 Rxe6 35. Nb5 (35. Nf5 $142) 35... Rd7 (35... Rce7 $16 {was called for.} 36. Nd4 Bb7) 36. Nd4 $18 Bb7 37. Nxe6 fxe6 38. Qg4 Rf7 (38... Re7 $16 {is a better defense.} 39. f4 Qe8) 39. Rd2 (39. Qxe6 $18 {and White stays clearly on top. Black must now prevent Qd6.} Rxf2 40. Rc7) 39... Rf4 $16 40. Qh3 (40. Qxe6 $14 Rh4+ 41. Kg1) 40... d4 (40... Rxf2 $6 41. Rxf2 Qxf2 42. Rc7 $16) (40... Qb4 $11 41. Qe3 Rh4+ 42. Kg1 Ba6) 41. Kg1 $36 {[%mdl 2048] White has the initiative.} Bd5 (41... Rf5 $1 $14) 42. Qg3 $1 $18 b5 43. Rc7 Rf7 44. Rxf7 Qxf7 {[%mdl 4096] Endgame KQR-KQB} 45. Qg4 ({Don't take} 45. Rxd4 Qxh5 46. a3 Qe2 $16) 45... a5 46. Rxd4 Bxa2 $2 (46... Qc7 $16) 47. Qg6 $2 (47. Rd8+ Kh7 48. Qe4+ Qf5 49. Qa8 Qxh5 50. Rh8+ (50. Qxa5 Bc4 $16) 50... Kg6 51. Qe8+ (51. Qxa5 Qd1+ 52. Kh2 Qh5+ 53. Kg1 Qd1+ 54. Kh2 Qh5+ 55. Kg1 $11) 51... Kg5 52. Qd7 (52. Qxb5 Qd1+ 53. Kh2 Bd5 $11)) 47... Qe7 48. Qd3 Bd5 49. Rf4 (49. Qxb5 $16 {Threatens to win with Qb8+.} Qg5 50. Qe8+ Kh7 51. Qg6+ $1 {[%mdl 512]} Qxg6 52. hxg6+ Kxg6 53. Rg4+ Kf5 54. Rxg7) 49... b4 $11 {[%cal Bb5b4,Bb4b3][%mdl 32]} 50. Qc2 {Strongly threatening Qc8+.} Bb7 (50... Qd8 $1 $11) 51. f3 Kg8 $1 52. g3 ({White should play} 52. Qc4 $14) 52... Qg5 53. Qg6 $2 {[%mdl 8192]} (53. Kg2 $11 Qxe5 54. Qg6) 53... Qxg6 $19 {Black is clearly winning.} 54. hxg6 b3 55. Rf7 Bd5 56. Rc7 Kf8 57. Rf7+ Ke8 58. Rxg7 {[#]} Kf8 $1 {Precision: White = 62%, Black = 58%.} 0-1

[Event "36th Mitropa Cup Open 2018"]
[Site "Isola Capo Rizzuto"]
[Date "2018.06.03"]
[Round "4"]
[White "Huschenbeth, Niclas"]
[Black "Hracek, Zbynek"]
[Result "1/2-1/2"]
[WhiteElo "2578"]
[BlackElo "2575"]
[Annotator "TA"]
[PlyCount "52"]
[EventDate "2018.05.31"]
[EventType "team-tourn"]
[EventCountry "ITA"]
[SourceTitle "playchess.com"]
[Source "ChessBase"]
[SourceQuality "1"]
[WhiteTeam "Germany"]
[BlackTeam "Czech Republic"]
[WhiteTeamCountry "GER"]
[BlackTeamCountry "CZE"]

{[%evp 19,52,9,15,0,8,14,23,28,45,37,46,30,35,38,48,39,35,0,0,0,39,29,95,7,67,71,94,75,68,74,58,62,67,-163,-145]} 1. e4 c5 2. Nf3 Nc6 3. d4 cxd4 4. Nxd4 Nf6 5. Nc3 e5 6. Ndb5 d6 7. Nd5 Nxd5 8. exd5 Nb8 9. a4 Be7 10. Be2 O-O 11. O-O {B33: Sicilian: Pelikan and Sveshnikov Variations} Nd7 12. Bd2 f5 (12... a6 13. Na3 a5 14. Nc4 b6 15. f4 Ba6 16. Ne3 Bb7 17. Bc3 g6 18. Bb5 Ba6 19. Bxd7 Qxd7 {1-0 (53) Oparin,G (2602)-Gelfand,B (2697) Moscow 2017}) 13. a5 {[#] White has an edge.} Nf6 $146 ({Predecessor:} 13... f4 14. f3 a6 15. Nc3 Nf6 16. Na4 Bf5 17. Nb6 Rb8 18. Bb4 Rf7 {½-½ (32) Turkov,V (2529)-Moll,R (2579) ICCF email 2016}) 14. Be3 Bd7 $1 15. Nxa7 f4 16. Bb6 Qe8 17. f3 Bd8 18. c4 Bxb6+ 19. axb6 Qd8 20. Qb3 Nh5 (20... Kh8 $11) 21. c5 (21. Rfe1 $16) 21... dxc5 {[#]} ({Black should play} 21... Ng3 $1 $11 22. Rf2 (22. hxg3 fxg3 23. Ra4 Bxa4 $19) 22... dxc5) 22. Nc6 $1 $14 {[%mdl 512]} Qf6 {Black wants to play ...Ng3.} (22... bxc6 23. dxc6+) 23. Ra7 {And now Rfa1 would win.} Ng3 24. Re1 $1 {Black must now prevent Bc4.} (24. hxg3 fxg3 25. Qe3 (25. Rxb7 {is a self mate.} Qh6 26. d6+ Kh8 27. Qg8+ Rxg8 28. Re1 Qh2+ 29. Kf1 Qh1#) 25... Qh4 $11) 24... Nxe2+ 25. Rxe2 {Threatens to win with Qa2.} bxc6 26. Rxa8 $2 {[#]} (26. dxc6+ $14 {stays ahead.} Be6 27. Qa4) 26... Rxa8 {Precision: White = 58%, Black = 38%.} 1/2-1/2

[Event "36th Mitropa Cup Open 2018"]
[Site "Isola Capo Rizzuto"]
[Date "2018.06.03"]
[Round "4"]
[White "Moroni, Luca Jr"]
[Black "Mesaros, Florian"]
[Result "1/2-1/2"]
[WhiteElo "2549"]
[BlackElo "2436"]
[Annotator "TA"]
[PlyCount "47"]
[EventDate "2018.05.31"]
[EventType "team-tourn"]
[EventCountry "ITA"]
[SourceTitle "playchess.com"]
[Source "ChessBase"]
[SourceQuality "1"]
[WhiteTeam "Italy"]
[BlackTeam "Austria"]
[WhiteTeamCountry "ITA"]
[BlackTeamCountry "AUT"]

{[%evp 23,47,6,0,0,29,-18,-21,-18,-6,-51,-15,-11,-12,-24,0,0,0,0,0,0,0,0,0,0,0,0]} 1. c4 c5 2. Nf3 Nc6 3. Nc3 g6 4. e3 Nf6 5. d4 cxd4 6. exd4 d5 7. cxd5 Nxd5 8. Qb3 e6 9. Bb5 Bg7 10. O-O {A35: Englische Eröffnung (Symmetrische Variante)} O-O 11. Bxc6 bxc6 12. Ne4 (12. Re1 Qd6 13. Ne4 Qb4 14. Qc2 a5 15. a3 Qb6 16. Nc5 Re8 17. Ne5 f6 {1-0 (33) Giri,A (2752)-Mamedyarov,S (2804) Wijk aan Zee 2018}) 12... Qb6 {LiveBook: 8 Partien} 13. Re1 Ba6 $146 ({Vorgänger:} 13... Rb8 14. Nc5 h6 15. Bd2 Rd8 16. Ba5 Qxb3 17. axb3 Re8 {0-1 (99) Mirzoev,A (2552)-Idani,P (2496) Nakhchivan 2015}) 14. Bg5 Qxb3 15. axb3 Bb5 16. Ra5 Rfb8 17. Bd2 Rd8 18. Bg5 f6 19. Bd2 {Die Stellung ist ausgeglichen.} Bf8 20. Nc3 Nc7 21. Bf4 Nd5 22. Bd2 Nc7 23. Bf4 Nd5 24. Bd2 {Precision: Weiß = 81%, Schwarz = 77%.} 1/2-1/2

[Event "36th Mitropa Cup Open 2018"]
[Site "Isola Capo Rizzuto"]
[Date "2018.06.03"]
[Round "4"]
[White "Mihok, Oliver"]
[Black "Repka, Christopher"]
[Result "1/2-1/2"]
[WhiteElo "2547"]
[BlackElo "2534"]
[Annotator "TA"]
[PlyCount "61"]
[EventDate "2018.05.31"]
[EventType "team-tourn"]
[EventCountry "ITA"]
[SourceTitle "playchess.com"]
[Source "ChessBase"]
[SourceQuality "1"]
[WhiteTeam "Hungary"]
[BlackTeam "Slovakia"]
[WhiteTeamCountry "HUN"]
[BlackTeamCountry "SVK"]

{[%evp 24,61,0,-25,16,21,14,29,21,27,19,20,21,13,16,0,0,-10,-15,-27,0,0,0,-79,-93,-85,-96,-75,0,0,0,0,0,0,0,0,0,0,0,0]} 1. e4 c5 2. Nf3 d6 3. d4 cxd4 4. Nxd4 Nf6 5. Nc3 a6 6. Be3 e5 7. Nb3 Be6 8. Qd2 Nbd7 9. O-O-O {B90: Sicilian Najdorf: Unusual White 6th moves, 6 Be3 Ng4 and 6 Be3 e5} Be7 10. f4 b5 11. f5 (11. Kb1 Qc7 12. h3 Nb6 13. Bxb6 Qxb6 14. Bd3 exf4 15. Qxf4 O-O 16. Nd5 Bxd5 17. exd5 {½-½ (39) Wei,Y (2728)-Areshchenko,A (2649) Khanty-Mansiysk 2017}) 11... Bc4 12. Kb1 Qc7 13. g4 {LiveBook: 4 Games. Hoping for g5.} b4 {And now ...Bxb3 would win.} 14. Bxc4 Qxc4 15. Nd5 Nxd5 $1 16. exd5 a5 {[%cal Ba6a5,Ba5a4,Ba4b3][%mdl 32]} 17. Qg2 a4 $146 18. Nd2 Qa6 19. Ne4 b3 $36 {[%mdl 2048] White is under pressure.} 20. cxb3 axb3 21. a3 O-O 22. g5 {Black must now prevent f6.} Rfc8 {Strongly threatening ...Rc2.} 23. Qf1 {[#]} (23. Rd2 $1 $11) 23... Qa4 $1 $17 {[%cal Ra4e4]} 24. Qd3 Rc2 25. Rd2 {[%cal Rd2c2] [#]} Rxb2+ ({Black should try} 25... Rc4 $1 $17 {[%cal Rc4e4]} 26. f6 Rxe4 27. fxe7 Rc4) 26. Rxb2 $11 {The position is equal.} Qxa3 {[%csl Ga8][%cal Ra3a1]} 27. Kc1 Rc8+ 28. Kb1 Ra8 {[%csl Ga8][%cal Ra3a1]} 29. Kc1 Rc8+ 30. Kb1 Ra8 {[%csl Ga8][%cal Ra3a1]} 31. Kc1 {Precision: White = 65%, Black = 81%.} 1/2-1/2

[Event "36th Mitropa Cup Open 2018"]
[Site "Isola Capo Rizzuto"]
[Date "2018.06.03"]
[Round "4"]
[White "Kuljasevic, Davorin"]
[Black "Tomazini, Zan"]
[Result "1-0"]
[WhiteElo "2543"]
[BlackElo "2408"]
[Annotator "TA"]
[PlyCount "149"]
[EventDate "2018.05.31"]
[EventType "team-tourn"]
[EventCountry "ITA"]
[SourceTitle "playchess.com"]
[Source "ChessBase"]
[SourceQuality "1"]
[WhiteTeam "Croatia"]
[BlackTeam "Slovenia"]
[WhiteTeamCountry "CRO"]
[BlackTeamCountry "SLO"]

{[%evp 18,149,67,31,98,99,172,163,160,88,81,102,88,81,74,72,186,182,162,95,174,210,198,199,192,124,131,127,146,133,126,122,188,188,190,194,188,188,195,195,244,241,267,187,197,184,178,177,177,166,260,260,260,260,266,0,177,0,191,197,267,267,306,303,312,282,351,476,469,420,384,486,422,458,694,694,687,679,658,614,789,745,1690,1669,12765,12515,29939,8250,29946,29955,29948,29948,10689,5185,5075,5067,4662,4337,3493,3414,3174,3166,2368,1895,1898,1800,1995,1466,1995,1995,714,1463,577,8932,6550,5385,1487,5700,7316,1781,1327,1163,29965,29963,12819,29970,29965,29955,29985,29986,29987,29988,29988,29988]} 1. d4 Nf6 2. c4 g6 3. Nc3 Bg7 4. e4 d6 5. Nf3 O-O 6. Be2 Na6 7. O-O e5 8. Re1 Qe8 9. Bg5 Bg4 {E94: King's Indian: Classical: 6 Be2 e5 7 0-0: Various Black 7th moves} (9... exd4 10. Qxd4 Nd7 11. Qd2 Ne5 12. Nd4 Be6 13. Nd5 Bxd5 14. cxd5 Qa4 15. Be3 Nc4 16. Bxc4 Qxc4 17. Rac1 Qxa2 {1-0 (38) Wojtaszek,R (2749)-Pavlidis,A (2532) Tallinn 2016}) 10. h3 {LiveBook: 15 Games. Threatens to win with dxe5.} exd4 $146 (10... Bxf3 $14 11. Bxf3 exd4 12. Qxd4 Nd7) ({Predecessor:} 10... Bxf3 11. Bxf3 Nd7 12. Be3 exd4 13. Bxd4 Bxd4 14. Qxd4 Qe5 15. Qd2 Rfe8 16. Rad1 Nf6 17. g3 {1-0 (45) Rakhmanov,A (2640)-Neverov,V (2516) Al Ain 2015}) 11. Bxf6 $16 Bxf6 (11... dxc3 $16 12. Bxg7 (12. Bxc3 Bxf3 13. Bxf3 Bxc3 $15) 12... Bxf3) 12. Nd5 $18 (12. Nxd4 Bxe2 13. Ndxe2 Qe6 $11) 12... Be5 {White must now prevent ...Bxf3.} 13. Nxe5 ({Stronger than} 13. Nxd4 Bxe2 14. Rxe2 c6 $11) (13. hxg4 $142 c6 14. Nxd4 (14. Nxe5 Qxe5 15. f4 Qg7 $16) 14... cxd5 15. exd5) 13... Bxe2 $16 14. Nf6+ $1 Kh8 15. Qxe2 Qxe5 16. Nd7 $36 {[%mdl 2048] Black is under strong pressure.} Qg5 (16... Qe6 $16 17. Nxf8 Rxf8) 17. Nxf8 $18 Rxf8 18. Rad1 (18. e5 $1 $18) 18... c5 (18... Qe5 $16) 19. e5 Re8 {[%cal Re8e5]} 20. Qf3 dxe5 21. Qxf7 (21. Qxb7 $18 Qf6 22. f4 (22. Qxa7 Kg7 $16)) 21... Qe7 $16 22. Qxe7 Rxe7 {[%mdl 4096] Endgame [#] KRR-KRN} 23. Re4 $1 Nb4 24. f4 Kg7 (24... Nc6 $16 {was necessary.}) 25. Rxe5 $18 Rxe5 26. fxe5 {Strongly threatening Rf1. KR-KN} Kf7 27. Kf2 Ke6 {[#]} 28. Kf3 $1 Kxe5 29. Re1+ Kf6 30. Ke4 Nc2 31. Rf1+ Ke7 32. Rf2 Ne3 33. b3 b6 (33... h5 {was called for.} 34. g3 Nd1) 34. g4 Nd1 35. Rd2 Ne3 36. Rf2 Nd1 37. Rd2 Ne3 38. Kd3 Ke6 (38... a5 {is a better defense.} 39. Rb2 Kf6 40. Rf2+ Ke7) 39. Rf2 Ke7 40. b4 Nd1 41. Rd2 Ne3 42. bxc5 bxc5 43. Rb2 Nd1 44. Rb1 Nf2+ 45. Kc2 Nxh3 (45... a5 $142 46. Rb7+ Kf6 47. Rxh7 g5) 46. Rb7+ Ke6 47. Rxh7 Nf2 48. Rxa7 Nxg4 49. Ra6+ Kd7 50. Rxg6 Ne5 51. Rg5 Kd6 52. Kb3 Nf3 53. Rd5+ Kc6 54. Kc2 Ne1+ 55. Kd2 Ng2 56. Rg5 Ne3 57. Rg6+ Kc7 58. Kd3 Nd1 59. Rg2 Nc3 60. Rc2 Na4 61. a3 Kd6 62. Rh2 Nc3 63. Rh6+ Kc7 64. Kc2 Kb7 65. Re6 (65. Rg6 $142 Kc7 66. Ra6) 65... Kc7 66. Re1 Kd6 67. Kb3 Kc6 68. a4 {[%cal Ba3a4,Ba4a5,Ba5a6,Ba6a7][%mdl 32]} Kb6 69. Re5 Nb1 {[#]} 70. a5+ $1 Kc6 (70... Kxa5 71. Rxc5+) 71. Kc2 Nc3 {White mates.} 72. a6 Na4 73. Re6+ Kc7 74. a7 d3+ 75. Kxd3 {Precision: White = 81%, Black = 45%.} 1-0